| 000 | 00449nam a22001697a 4500 | ||
|---|---|---|---|
| 003 | GBCCL | ||
| 005 | 20251203122224.0 | ||
| 008 | 250821b |||||||| |||| 00| 0 eng d | ||
| 040 | _cGBC | ||
| 082 |
_aVER 225.5954 _bPAI 1 |
||
| 245 | _aThukhun thak leh Sam laibu | ||
| 250 | _a2nd ed. | ||
| 260 |
_aBangalore: _bBible Society of India, _c1968 |
||
| 300 |
_a697 p. ; _bmaps, _c20 cm. |
||
| 650 |
_aBible _vNew Testament _xPaite |
||
| 942 |
_2ddc _cREF _n0 |
||
| 999 |
_c10919 _d10919 |
||